Identité, tradition, innovation dans les villes du Massif Central (Record no. 152221)

000 -CABECERA
Campo de control de longitud fija 00878nam#a2200289#c#4500
003 - IDENTIFICADOR DE NÚMERO DE CONTROL
Campo de control IEF
005 - FECHA Y HORA DE LA ÚLTIMA TRANSACCIÓN
Campo de control 20260429134917.0
007 - CAMPO FIJO DE DESCRIPCIÓN FÍSICA - INFORMACIÓN GENERAL
campo de control de longitud fija ta
008 - CAMPO FIJO DE DESCRIPCIÓN FIJA - INFORMACIÓN GENERAL
Campo de control de longitud fija 941205t2025 fr fr |00||u|fre |u
020 ## - INTERNATIONAL STANDARD BOOK NUMBER
ISBN 978-2-406-17905-4 (livre broché)
040 ## - FUENTE DE LA CATALOGACIÓN
Centro catalogador de origen ES-MaIEF
Lengua de catalogación spa
Centro transcriptor ES-MaIEF
100 1# - ENCABEZAMIENTO PRINCIPAL - NOMBRE PERSONAL
Nombre de persona Rigaudière, Albert
9 (RLIN) 37493
245 10 - MENCIÓN DE TÍTULO
Título Identité, tradition, innovation dans les villes du Massif Central
Parte restante del título (XIIIe-XVe siècle)
Mención de responsabilidad, etc. Albert Rigaudière
260 ## - PUBLICACIÓN, DISTRIBUCIÓN, ETC (PIE DE IMPRENTA)
Lugar de publicación, distribución, etc. Paris
Nombre del editor, distribuidor, etc. Classiques Garnier
Fecha de publicación, distribución, etc. 2025
300 ## - DESCRIPCIÓN FÍSICA
Extensión 1083 p.
Dimensiones 22 cm
490 ## - MENCIÓN DE SERIE
Mención de serie Bibliothèque d'histoire médiévale ;
Número de volumen/designación secuencial 41
650 #4 - PUNTO DE ACCESO ADICIONAL DE MATERIA - TÉRMINO DE MATERIA
Término de materia o nombre geográfico como elemento inicial HISTORIA ECONOMICA
9 (RLIN) 45401
650 #4 - PUNTO DE ACCESO ADICIONAL DE MATERIA - TÉRMINO DE MATERIA
Término de materia o nombre geográfico como elemento inicial POLITICA
9 (RLIN) 48047
650 #4 - PUNTO DE ACCESO ADICIONAL DE MATERIA - TÉRMINO DE MATERIA
Término de materia o nombre geográfico como elemento inicial CIUDADANOS
9 (RLIN) 35295
650 #4 - PUNTO DE ACCESO ADICIONAL DE MATERIA - TÉRMINO DE MATERIA
Término de materia o nombre geográfico como elemento inicial IMPUESTOS
9 (RLIN) 47460
650 #4 - PUNTO DE ACCESO ADICIONAL DE MATERIA - TÉRMINO DE MATERIA
Término de materia o nombre geográfico como elemento inicial FRANCIA
9 (RLIN) 44475
650 #4 - PUNTO DE ACCESO ADICIONAL DE MATERIA - TÉRMINO DE MATERIA
Término de materia o nombre geográfico como elemento inicial SIGLO XIII
9 (RLIN) 48413
650 #4 - PUNTO DE ACCESO ADICIONAL DE MATERIA - TÉRMINO DE MATERIA
Término de materia o nombre geográfico como elemento inicial SIGLO XIV
9 (RLIN) 48414
650 #4 - PUNTO DE ACCESO ADICIONAL DE MATERIA - TÉRMINO DE MATERIA
Término de materia o nombre geográfico como elemento inicial SIGLO XV
9 (RLIN) 48416
942 ## - ELEMENTOS KOHA
Koha tipo de item Libros
Holdings
Suprimido Perdido Estropeado No se presta Localización (Biblioteca) Sublocalización o Colección (subbiblioteca) Fecha de adquisición Koha signatura completa Designación de pieza (código de barras) Koha Fecha de último uso Precio efectivo desde Koha tipo de item
      Disponible para préstamo IEF IEF 2026-04-29 66305 66305 2026-04-29 2026-04-29 Libros

Powered by Koha